000 01098cam a22002774a 4500
999 _c8612
_d8612
001 12418451
003 GBCCL
005 20241126110654.0
008 010523s2001 miua b 001 0 eng
010 _a 2001035974
020 _a0801022452
040 _aDLC
_cDLC
_dDLC
042 _apcc
050 0 0 _aBS1430.2
_b.B85 2001
082 0 0 _a223.206
_221
_bBUL
100 1 _aBullock, C. Hassell.
_956
245 1 0 _aEncountering the book of Psalms :
_ba literary and theological introduction /
_cC. Hassell Bullock.
260 _aGrand Rapids, Mich. :
_bBaker Academic,
_cc2001.
300 _a266 p. :
_bill. ;
_c25 cm.
440 0 _aEncountering biblical studies
_915193
504 _aIncludes bibliographical references (p. 239-248) and indexes.
630 0 0 _aBible.
_pPsalms
_xCriticism, interpretation, etc.
_92721
906 _a7
_bcbc
_corignew
_d1
_eocip
_f20
_gy-gencatlg
942 _2ddc
_cBK
_04